01383nam a2200169Ia 4500001075000000002005100750008003700801010001100838530002200849650007800871650001600949650008700965700004601052700004201098700002901140700004401169IA_El grado de transformación puede variar, desde las actividades de limpieza y clasificación, de frutas por ejemplo, pasando por procesos como molienda, mezclado, cocción, deshidratación, pasteurización, hasta alteraciones químicas (Austin, 1992). Aloe vera has been used since antiquity, mainly by the Egyptians who used it as a moisturizer and disinfectant, the peoples of Africa was used for medicinal purposes. The medicinal properties are attributed to aloe are as healing, bactericide, etching, relieves stomach upsets, helps blood circulation. The degree of processing may vary from the cleanup and sorting fruit for example, through processes such as grinding, mixing, cooking, drying, pasteurization, to chemical alterations.ESTUDIO DE FACTIBILIDAD TECNICO-ECONOMICO Y MANUAL220117s xx 000 0 und d a185550 aDisponible en PDF 0aAgricultural industryxGood manufacturing practiceszMéxicozGuanajuato aAloe vera  0aIndustria agrícolaxBuenas prácticas de fabricaciónz MéxicozGuanajuato  aEspejel Zaragoza, José Alfredo, asesor  aJiménez Sánchez, Armando, coaut. 1 aPonce Hernández, Pedro aSzymanski Duque, Rosa Guadalupe, asesor